[Event "8th Arber Open"]
[Site "chess24.com"]
[Date "2019.07.28"]
[Round "2"]
[White "Kneutgen, Alexander"]
[Black "Rous, Dominik"]
[Result "1-0"]
[Board "31"]
[WhiteElo "1920"]
[WhiteTeam "SG Niederkassel"]
[WhiteCountry "GER"]
[WhiteFideId "4637364"]
[WhiteEloChange "2"]
[BlackElo "1363"]
[BlackTeam "TSCHECHIEN"]
[BlackCountry "CZE"]
[BlackFideId "375993"]
[BlackEloChange "-2"]

1. Nf3 {[%clk 1:30:30]} d5 {[%clk 1:30:30]} 2. g3 {[%clk 1:30:30]} Bf5 {[%clk
1:30:30]} 3. Bg2 {[%clk 1:30:30]} e6 {[%clk 1:30:30]} 4. O-O {[%clk 1:30:30]} Nf6
{[%clk 1:30:30]} 5. d3 {[%clk 1:30:30]} Be7 {[%clk 1:30:30]} 6. Nbd2 {[%clk
1:30:30]} c6 {[%clk 1:30:30]} 7. Qe1 {[%clk 1:30:30]} O-O {[%clk 1:30:30]} 8. e4
{[%clk 1:30:30]} dxe4 {[%clk 1:30:30]} 9. dxe4 {[%clk 1:30:30]} Bg6 {[%clk
1:30:30]} 10. Qe2 {[%clk 1:30:30]} Qb6 {[%clk 1:30:30]} 11. Ne5 {[%clk 1:30:30]}
Nbd7 {[%clk 1:30:30]} 12. Nxg6 {[%clk 1:30:30]} hxg6 {[%clk 1:30:30]} 13. Nb3
{[%clk 1:30:30]} Nc5 {[%clk 1:30:30]} 14. Be3 {[%clk 1:30:30]} Nfd7 {[%clk
1:30:30]} 15. Rad1 {[%clk 1:30:30]} Qc7 {[%clk 1:30:30]} 16. Nxc5 {[%clk
1:30:30]} Nxc5 {[%clk 1:30:30]} 17. Qc4 {[%clk 1:30:30]} Nd7 {[%clk 1:30:30]} 18.
f4 {[%clk 1:30:30]} Nb6 {[%clk 1:30:30]} 19. Qe2 {[%clk 1:30:30]} Rad8 {[%clk
1:30:30]} 20. b3 {[%clk 1:30:30]} Rxd1 {[%clk 1:30:30]} 21. Rxd1 {[%clk 1:30:30]}
Rd8 {[%clk 1:30:30]} 22. Kf2 {[%clk 1:30:30]} Rxd1 {[%clk 1:30:30]} 23. Qxd1
{[%clk 1:30:30]} Qd6 {[%clk 1:30:30]} 24. Qxd6 {[%clk 1:30:30]} Bxd6 {[%clk
1:30:30]} 25. a4 {[%clk 1:30:30]} Nc8 {[%clk 1:30:30]} 26. a5 {[%clk 1:30:30]} a6
{[%clk 1:30:30]} 27. Ke2 {[%clk 1:30:30]} Bb4 {[%clk 1:30:30]} 28. Bd2 {[%clk
1:30:30]} Bc5 {[%clk 1:30:30]} 29. c4 {[%clk 1:30:30]} Kf8 {[%clk 1:30:30]} 30.
b4 {[%clk 1:30:30]} Bd6 {[%clk 1:30:30]} 31. e5 {[%clk 1:30:30]} Bc7 {[%clk
1:30:30]} 32. b5 {[%clk 1:30:30]} axb5 {[%clk 1:30:30]} 33. cxb5 {[%clk 1:30:30]}
cxb5 {[%clk 1:30:30]} 34. Bxb7 {[%clk 1:30:30]} Na7 {[%clk 1:30:30]} 35. Be3
{[%clk 1:30:30]} Bxa5 {[%clk 1:30:30]} 36. Bxa7 {[%clk 1:30:30]} f6 {[%clk
1:30:30]} 37. Bc5+ {[%clk 1:30:30]} Kf7 {[%clk 1:30:30]} 38. Bc6 {[%clk 1:30:30]}
fxe5 {[%clk 1:30:30]} 39. fxe5 {[%clk 1:30:30]} Bc3 {[%clk 1:30:30]} 40. Bd6
{[%clk 1:30:30]} b4 {[%clk 1:30:30]} 41. Ba4 {[%clk 1:30:30]} Bd4 {[%clk
1:30:30]} 42. Bb3 {[%clk 1:30:30]} Bc3 {[%clk 1:30:30]} 43. g4 {[%clk 1:30:30]}
Bd4 {[%clk 1:30:30]} 44. h3 {[%clk 1:30:30]} Bc3 {[%clk 1:30:30]} 45. Kd3 {[%clk
1:30:30]} Bb2 {[%clk 1:30:30]} 46. Kc4 {[%clk 1:30:30]} Bc3 {[%clk 1:30:30]} 47.
Kb5 {[%clk 1:30:30]} g5 {[%clk 1:30:30]} 48. Kc6 {[%clk 1:30:30]} Kg6 {[%clk
1:30:30]} 49. Kd7 {[%clk 1:30:30]} Kh6 {[%clk 1:30:30]} 50. Kxe6 {[%clk 1:30:30]}
g6 {[%clk 1:30:30]} 51. Kd5 {[%clk 1:30:30]} Bxe5 {[%clk 1:30:30]} 52. Kxe5
{[%clk 1:30:30]} Kh7 {[%clk 1:30:30]} 53. Bxb4 {[%clk 1:30:30]} Kh6 {[%clk
1:30:30]} 54. Kf6 {[%clk 1:30:30]} Kh7 {[%clk 1:30:30]} 55. Kxg5 {[%clk 1:30:30]}
Kg7 {[%clk 1:30:30]} 56. Bc3+ {[%clk 1:30:30]} Kh7 {[%clk 1:30:30]} 57. Bc2
{[%clk 1:30:30]} Kg8 {[%clk 1:30:30]} 58. Bxg6 {[%clk 1:30:30]} Kf8 {[%clk
1:30:30]} 59. Bf6 {[%clk 1:30:30]} Kg8 {[%clk 1:30:30]} 60. h4 {[%clk 1:30:30]}
1-0

[Event "8th Arber Open"]
[Site "chess24.com"]
[Date "2019.07.28"]
[Round "2"]
[White "David, Sebastian"]
[Black "Steinhauer, Artur"]
[Result "1-0"]
[Board "32"]
[WhiteElo "1715"]
[WhiteTeam "PSV Memmingen"]
[WhiteCountry "GER"]
[WhiteFideId "12905208"]
[WhiteEloChange "4"]
[BlackElo "1452"]
[BlackTeam "SC Bav Regensburg"]
[BlackCountry "GER"]
[BlackFideId "16263596"]
[BlackEloChange "-4"]

1. d4 {[%clk 1:30:30]} Nf6 {[%clk 1:30:30]} 2. c4 {[%clk 1:30:30]} e6 {[%clk
1:30:30]} 3. Nc3 {[%clk 1:30:30]} Bb4 {[%clk 1:30:30]} 4. Qc2 {[%clk 1:30:30]}
O-O {[%clk 1:30:30]} 5. a3 {[%clk 1:30:30]} Bxc3+ {[%clk 1:30:30]} 6. Qxc3 {[%clk
1:30:30]} d5 {[%clk 1:30:30]} 7. Bg5 {[%clk 1:30:30]} c6 {[%clk 1:30:30]} 8. Nf3
{[%clk 1:30:30]} Nbd7 {[%clk 1:30:30]} 9. e3 {[%clk 1:30:30]} Qc7 {[%clk
1:30:30]} 10. Bf4 {[%clk 1:30:30]} Qd8 {[%clk 1:30:30]} 11. Bd3 {[%clk 1:30:30]}
dxc4 {[%clk 1:30:30]} 12. Qxc4 {[%clk 1:30:30]} Nb6 {[%clk 1:30:30]} 13. Qc2
{[%clk 1:30:30]} h6 {[%clk 1:30:30]} 14. h3 {[%clk 1:30:30]} Qe7 {[%clk 1:30:30]}
15. O-O {[%clk 1:30:30]} Bd7 {[%clk 1:30:30]} 16. Rfc1 {[%clk 1:30:30]} Rfc8
{[%clk 1:30:30]} 17. b4 {[%clk 1:30:30]} Nfd5 {[%clk 1:30:30]} 18. Bg3 {[%clk
1:30:30]} a5 {[%clk 1:30:30]} 19. e4 {[%clk 1:30:30]} Nf6 {[%clk 1:30:30]} 20.
Qc5 {[%clk 1:30:30]} Qxc5 {[%clk 1:30:30]} 21. bxc5 {[%clk 1:30:30]} Na4 {[%clk
1:30:30]} 22. Rab1 {[%clk 1:30:30]} Rcb8 {[%clk 1:30:30]} 23. Bxb8 {[%clk
1:30:30]} Rxb8 {[%clk 1:30:30]} 24. Rc4 {[%clk 1:30:30]} b5 {[%clk 1:30:30]} 25.
cxb6 {[%clk 1:30:30]} Nxb6 {[%clk 1:30:30]} 26. Ne5 {[%clk 1:30:30]} Be8 {[%clk
1:30:30]} 27. Rc5 {[%clk 1:30:30]} Nbd7 {[%clk 1:30:30]} 28. Rxb8 {[%clk
1:30:30]} Nxb8 {[%clk 1:30:30]} 29. Rxa5 {[%clk 1:30:30]} Nfd7 {[%clk 1:30:30]}
30. Ra8 {[%clk 1:30:30]} Kf8 {[%clk 1:30:30]} 31. Nxd7+ {[%clk 1:30:30]} Nxd7
{[%clk 1:30:30]} 32. Kf1 {[%clk 1:30:30]} Ke7 {[%clk 1:30:30]} 33. e5 {[%clk
1:30:30]} c5 {[%clk 1:30:30]} 34. dxc5 {[%clk 1:30:30]} Nxc5 {[%clk 1:30:30]} 35.
Bc2 {[%clk 1:30:30]} Bb5+ {[%clk 1:30:30]} 36. Ke1 {[%clk 1:30:30]} Bc6 {[%clk
1:30:30]} 37. Ra7+ {[%clk 1:30:30]} Nd7 {[%clk 1:30:30]} 38. f4 {[%clk 1:30:30]}
Kd8 {[%clk 1:30:30]} 39. Ba4 {[%clk 1:30:30]} Bxa4 {[%clk 1:30:30]} 40. Rxa4
{[%clk 1:30:30]} Kc7 {[%clk 1:30:30]} 41. Ra7+ {[%clk 1:30:30]} Kc6 {[%clk
1:30:30]} 42. Kd2 {[%clk 1:30:30]} f6 {[%clk 1:30:30]} 43. exf6 {[%clk 1:30:30]}
gxf6 {[%clk 1:30:30]} 44. Kc3 {[%clk 1:30:30]} e5 {[%clk 1:30:30]} 45. fxe5
{[%clk 1:30:30]} fxe5 {[%clk 1:30:30]} 46. Ra6+ {[%clk 1:30:30]} Nb6 {[%clk
1:30:30]} 47. Kd3 {[%clk 1:30:30]} Kb5 {[%clk 1:30:30]} 48. Rxb6+ {[%clk
1:30:30]} 1-0

[Event "8th Arber Open"]
[Site "chess24.com"]
[Date "2019.07.28"]
[Round "2"]
[White "Huhs, Sven"]
[Black "Villani, Cristian"]
[Result "1/2-1/2"]
[Board "33"]
[WhiteElo "2027"]
[WhiteTeam "FG Wohlde"]
[WhiteCountry "GER"]
[WhiteFideId "24669130"]
[BlackElo "2017"]
[BlackTeam "SK Durlach"]
[BlackCountry "GER"]
[BlackFideId "24635898"]

1. d4 {[%clk 1:30:30]} e6 {[%clk 1:30:30]} 2. c4 {[%clk 1:30:30]} d5 {[%clk
1:30:30]} 3. Nc3 {[%clk 1:30:30]} Nf6 {[%clk 1:30:30]} 4. Bg5 {[%clk 1:30:30]}
Be7 {[%clk 1:30:30]} 5. Nf3 {[%clk 1:30:30]} O-O {[%clk 1:30:30]} 6. e3 {[%clk
1:30:30]} h6 {[%clk 1:30:30]} 7. Bh4 {[%clk 1:30:30]} b6 {[%clk 1:30:30]} 8. cxd5
{[%clk 1:30:30]} exd5 {[%clk 1:30:30]} 9. Bd3 {[%clk 1:30:30]} Bb7 {[%clk
1:30:30]} 10. O-O {[%clk 1:30:30]} c5 {[%clk 1:30:30]} 11. Rc1 {[%clk 1:30:30]}
Nbd7 {[%clk 1:30:30]} 12. dxc5 {[%clk 1:30:30]} bxc5 {[%clk 1:30:30]} 13. Qe2
{[%clk 1:30:30]} Qb6 {[%clk 1:30:30]} 14. Rfd1 {[%clk 1:30:30]} Rfe8 {[%clk
1:30:30]} 15. Bb5 {[%clk 1:30:30]} Bc6 {[%clk 1:30:30]} 16. Bxc6 {[%clk 1:30:30]}
Qxc6 {[%clk 1:30:30]} 17. Qd2 {[%clk 1:30:30]} Nb6 {[%clk 1:30:30]} 18. Qc2
{[%clk 1:30:30]} Rac8 {[%clk 1:30:30]} 19. a4 {[%clk 1:30:30]} Qe6 {[%clk
1:30:30]} 20. h3 {[%clk 1:30:30]} Red8 {[%clk 1:30:30]} 21. a5 {[%clk 1:30:30]}
Nbd7 {[%clk 1:30:30]} 22. Qa4 {[%clk 1:30:30]} 1/2-1/2

[Event "8th Arber Open"]
[Site "chess24.com"]
[Date "2019.07.28"]
[Round "2"]
[White "Kasueschke, Lars"]
[Black "Peglau, Mirjam"]
[Result "1-0"]
[Board "35"]
[WhiteElo "1934"]
[WhiteTeam "SG Schw�bisch Gm�nd"]
[WhiteCountry "GER"]
[WhiteFideId "12939510"]
[WhiteEloChange "5"]
[BlackElo "1759"]
[BlackTeam "Seeblick"]
[BlackCountry "GER"]
[BlackFideId "16211138"]
[BlackEloChange "-5"]

1. Nf3 {[%clk 1:30:30]} c5 {[%clk 1:30:30]} 2. c4 {[%clk 1:30:30]} Nf6 {[%clk
1:30:30]} 3. Nc3 {[%clk 1:30:30]} d5 {[%clk 1:30:30]} 4. cxd5 {[%clk 1:30:30]}
Nxd5 {[%clk 1:30:30]} 5. g3 {[%clk 1:30:30]} Nc6 {[%clk 1:30:30]} 6. Bg2 {[%clk
1:30:30]} Nc7 {[%clk 1:30:30]} 7. O-O {[%clk 1:30:30]} e5 {[%clk 1:30:30]} 8. d3
{[%clk 1:30:30]} Be7 {[%clk 1:30:30]} 9. Bd2 {[%clk 1:30:30]} Be6 {[%clk
1:30:30]} 10. a3 {[%clk 1:30:30]} Rc8 {[%clk 1:30:30]} 11. Rb1 {[%clk 1:30:30]}
O-O {[%clk 1:30:30]} 12. b4 {[%clk 1:30:30]} cxb4 {[%clk 1:30:30]} 13. axb4
{[%clk 1:30:30]} b5 {[%clk 1:30:30]} 14. Ne4 {[%clk 1:30:30]} f6 {[%clk 1:30:30]}
15. Nc5 {[%clk 1:30:30]} Bxc5 {[%clk 1:30:30]} 16. bxc5 {[%clk 1:30:30]} Nd4
{[%clk 1:30:30]} 17. Ba5 {[%clk 1:30:30]} Rb8 {[%clk 1:30:30]} 18. Nd2 {[%clk
1:30:30]} Qe7 {[%clk 1:30:30]} 19. e3 {[%clk 1:30:30]} Nf5 {[%clk 1:30:30]} 20.
Qc2 {[%clk 1:30:30]} Rfd8 {[%clk 1:30:30]} 21. Ne4 {[%clk 1:30:30]} Rd7 {[%clk
1:30:30]} 22. c6 {[%clk 1:30:30]} Rd5 {[%clk 1:30:30]} 23. Rfc1 {[%clk 1:30:30]}
b4 {[%clk 1:30:30]} 24. Nc5 {[%clk 1:30:30]} b3 {[%clk 1:30:30]} 25. Rxb3 {[%clk
1:30:30]} Rxb3 {[%clk 1:30:30]} 26. Bxd5 {[%clk 1:30:30]} Rb5 {[%clk 1:30:30]}
27. Bxe6+ {[%clk 1:30:30]} Nxe6 {[%clk 1:30:30]} 28. Nxe6 {[%clk 1:30:30]} Qxe6
{[%clk 1:30:30]} 29. c7 {[%clk 1:30:30]} Ne7 {[%clk 1:30:30]} 30. c8Q+ {[%clk
1:30:30]} Nxc8 {[%clk 1:30:30]} 31. Qxc8+ {[%clk 1:30:30]} Qxc8 {[%clk 1:30:30]}
32. Rxc8+ {[%clk 1:30:30]} Kf7 {[%clk 1:30:30]} 33. Bc3 {[%clk 1:30:30]} Rb1+
{[%clk 1:30:30]} 34. Kg2 {[%clk 1:30:30]} Rb7 {[%clk 1:30:30]} 35. d4 {[%clk
1:30:30]} exd4 {[%clk 1:30:30]} 36. Bxd4 {[%clk 1:30:30]} a5 {[%clk 1:30:30]} 37.
Ra8 {[%clk 1:30:30]} Rb5 {[%clk 1:30:30]} 38. Bc3 {[%clk 1:30:30]} 1-0

[Event "8th Arber Open"]
[Site "chess24.com"]
[Date "2019.07.28"]
[Round "2"]
[White "Mattes, Heinz, Dr."]
[Black "Van Hoorebeke, Jimmy"]
[Result "1-0"]
[Board "37"]
[WhiteElo "1953"]
[WhiteTeam "M�nchener SC"]
[WhiteCountry "GER"]
[WhiteFideId "24623750"]
[WhiteEloChange "4"]
[BlackElo "1700"]
[BlackTeam "BELGIEN"]
[BlackCountry "BEL"]
[BlackFideId "222224"]
[BlackEloChange "-4"]

1. d4 {[%clk 1:30:30]} f5 {[%clk 1:30:30]} 2. Nf3 {[%clk 1:30:30]} Nf6 {[%clk
1:30:30]} 3. c4 {[%clk 1:30:30]} g6 {[%clk 1:30:30]} 4. Nc3 {[%clk 1:30:30]} Bg7
{[%clk 1:30:30]} 5. g3 {[%clk 1:30:30]} O-O {[%clk 1:30:30]} 6. Bg2 {[%clk
1:30:30]} d6 {[%clk 1:30:30]} 7. O-O {[%clk 1:30:30]} Nc6 {[%clk 1:30:30]} 8. Qc2
{[%clk 1:30:30]} e5 {[%clk 1:30:30]} 9. dxe5 {[%clk 1:30:30]} dxe5 {[%clk
1:30:30]} 10. Rd1 {[%clk 1:30:30]} Qe7 {[%clk 1:30:30]} 11. Bg5 {[%clk 1:30:30]}
Be6 {[%clk 1:30:30]} 12. Nd5 {[%clk 1:30:30]} Bxd5 {[%clk 1:30:30]} 13. cxd5
{[%clk 1:30:30]} Nd8 {[%clk 1:30:30]} 14. Rac1 {[%clk 1:30:30]} Rc8 {[%clk
1:30:30]} 15. d6 {[%clk 1:30:30]} Qe6 {[%clk 1:30:30]} 16. Bxf6 {[%clk 1:30:30]}
Qxf6 {[%clk 1:30:30]} 17. d7 {[%clk 1:30:30]} Rb8 {[%clk 1:30:30]} 18. Qxc7
{[%clk 1:30:30]} Nc6 {[%clk 1:30:30]} 19. e3 {[%clk 1:30:30]} g5 {[%clk 1:30:30]}
20. Rd6 {[%clk 1:30:30]} Qe7 {[%clk 1:30:30]} 21. Rcxc6 {[%clk 1:30:30]} bxc6
{[%clk 1:30:30]} 22. d8Q {[%clk 1:30:30]} Qxd8 {[%clk 1:30:30]} 23. Rxd8 {[%clk
1:30:30]} Rfxd8 {[%clk 1:30:30]} 24. Nxg5 {[%clk 1:30:30]} 1-0

[Event "8th Arber Open"]
[Site "chess24.com"]
[Date "2019.07.28"]
[Round "2"]
[White "Fruehe, Norbert"]
[Black "Schindlbeck, Johann"]
[Result "1-0"]
[Board "38"]
[WhiteElo "1936"]
[WhiteTeam "SF H�rden"]
[WhiteCountry "GER"]
[WhiteFideId "16209818"]
[WhiteEloChange "3"]
[BlackElo "1664"]
[BlackTeam "FC Bayern M�nchen"]
[BlackCountry "GER"]
[BlackFideId "16270789"]
[BlackEloChange "-3"]

1. e4 {[%clk 1:30:30]} c5 {[%clk 1:30:30]} 2. d4 {[%clk 1:30:30]} cxd4 {[%clk
1:30:30]} 3. c3 {[%clk 1:30:30]} dxc3 {[%clk 1:30:30]} 4. Nxc3 {[%clk 1:30:30]}
Nc6 {[%clk 1:30:30]} 5. Nf3 {[%clk 1:30:30]} d6 {[%clk 1:30:30]} 6. Bc4 {[%clk
1:30:30]} e6 {[%clk 1:30:30]} 7. O-O {[%clk 1:30:30]} Be7 {[%clk 1:30:30]} 8. Qe2
{[%clk 1:30:30]} a6 {[%clk 1:30:30]} 9. Rd1 {[%clk 1:30:30]} b5 {[%clk 1:30:30]}
10. Bb3 {[%clk 1:30:30]} Bb7 {[%clk 1:30:30]} 11. Bf4 {[%clk 1:30:30]} Qc7 {[%clk
1:30:30]} 12. Rac1 {[%clk 1:30:30]} Rd8 {[%clk 1:30:30]} 13. Rc2 {[%clk 1:30:30]}
Ne5 {[%clk 1:30:30]} 14. Nxb5 {[%clk 1:30:30]} Qb8 {[%clk 1:30:30]} 15. Nc7+
{[%clk 1:30:30]} Kf8 {[%clk 1:30:30]} 16. Nxe5 {[%clk 1:30:30]} dxe5 {[%clk
1:30:30]} 17. Bxe5 {[%clk 1:30:30]} Qa7 {[%clk 1:30:30]} 18. Rxd8+ {[%clk
1:30:30]} Bxd8 {[%clk 1:30:30]} 19. Qd2 {[%clk 1:30:30]} Be7 {[%clk 1:30:30]} 20.
Qd7 {[%clk 1:30:30]} Qb6 {[%clk 1:30:30]} 21. Qe8# {[%clk 1:30:30]} 1-0

[Event "8th Arber Open"]
[Site "chess24.com"]
[Date "2019.07.28"]
[Round "2"]
[White "Seifert, Ronny"]
[Black "Schreiber, Egwin"]
[Result "1-0"]
[Board "39"]
[WhiteElo "1888"]
[WhiteTeam "Glauchauer SC"]
[WhiteCountry "GER"]
[WhiteFideId "4679067"]
[WhiteEloChange "4"]
[BlackElo "1644"]
[BlackTeam "SV Deggendorf"]
[BlackCountry "GER"]
[BlackFideId "16209257"]
[BlackEloChange "-4"]

1. d4 {[%clk 1:30:30]} d5 {[%clk 1:30:30]} 2. Nf3 {[%clk 1:30:30]} Nc6 {[%clk
1:30:30]} 3. Bf4 {[%clk 1:30:30]} e6 {[%clk 1:30:30]} 4. e3 {[%clk 1:30:30]} Nf6
{[%clk 1:30:30]} 5. Nbd2 {[%clk 1:30:30]} Bd6 {[%clk 1:30:30]} 6. c3 {[%clk
1:30:30]} Bxf4 {[%clk 1:30:30]} 7. exf4 {[%clk 1:30:30]} O-O {[%clk 1:30:30]} 8.
Bd3 {[%clk 1:30:30]} h6 {[%clk 1:30:30]} 9. Ne5 {[%clk 1:30:30]} Nd7 {[%clk
1:30:30]} 10. Qg4 {[%clk 1:30:30]} f5 {[%clk 1:30:30]} 11. Qe2 {[%clk 1:30:30]}
Ncxe5 {[%clk 1:30:30]} 12. fxe5 {[%clk 1:30:30]} c5 {[%clk 1:30:30]} 13. Nf3
{[%clk 1:30:30]} c4 {[%clk 1:30:30]} 14. Bc2 {[%clk 1:30:30]} b5 {[%clk 1:30:30]}
15. a3 {[%clk 1:30:30]} Rf7 {[%clk 1:30:30]} 16. O-O {[%clk 1:30:30]} Nb6 {[%clk
1:30:30]} 17. g3 {[%clk 1:30:30]} Bd7 {[%clk 1:30:30]} 18. Nh4 {[%clk 1:30:30]}
Be8 {[%clk 1:30:30]} 19. Ng2 {[%clk 1:30:30]} a5 {[%clk 1:30:30]} 20. Nf4 {[%clk
1:30:30]} Re7 {[%clk 1:30:30]} 21. h4 {[%clk 1:30:30]} b4 {[%clk 1:30:30]} 22.
axb4 {[%clk 1:30:30]} axb4 {[%clk 1:30:30]} 23. cxb4 {[%clk 1:30:30]} Ba4 {[%clk
1:30:30]} 24. Bxa4 {[%clk 1:30:30]} Rxa4 {[%clk 1:30:30]} 25. Rxa4 {[%clk
1:30:30]} Nxa4 {[%clk 1:30:30]} 26. Ra1 {[%clk 1:30:30]} Qe8 {[%clk 1:30:30]} 27.
Qc2 {[%clk 1:30:30]} Ra7 {[%clk 1:30:30]} 28. Nxe6 {[%clk 1:30:30]} Qxe6 {[%clk
1:30:30]} 29. Rxa4 {[%clk 1:30:30]} Rb7 {[%clk 1:30:30]} 30. Ra8+ {[%clk
1:30:30]} Kf7 {[%clk 1:30:30]} 31. Qa4 {[%clk 1:30:30]} f4 {[%clk 1:30:30]} 32.
Ra7 {[%clk 1:30:30]} Rxa7 {[%clk 1:30:30]} 33. Qxa7+ {[%clk 1:30:30]} Kg6 {[%clk
1:30:30]} 34. b5 {[%clk 1:30:30]} Qh3 {[%clk 1:30:30]} 35. Qa3 {[%clk 1:30:30]}
Qg4 {[%clk 1:30:30]} 36. Kg2 {[%clk 1:30:30]} f3+ {[%clk 1:30:30]} 37. Qxf3
{[%clk 1:30:30]} Qxd4 {[%clk 1:30:30]} 38. h5+ {[%clk 1:30:30]} Kh7 {[%clk
1:30:30]} 39. Qf5+ {[%clk 1:30:30]} Kg8 {[%clk 1:30:30]} 40. e6 {[%clk 1:30:30]}
Qf6 {[%clk 1:30:30]} 41. Qxf6 {[%clk 1:30:30]} gxf6 {[%clk 1:30:30]} 42. b6
{[%clk 1:30:30]} 1-0

[Event "8th Arber Open"]
[Site "chess24.com"]
[Date "2019.07.28"]
[Round "2"]
[White "Roesch, Felix"]
[Black "Vanhee, Lars"]
[Result "0-1"]
[Board "40"]
[WhiteElo "1578"]
[WhiteTeam "SV Urmitz"]
[WhiteCountry "GER"]
[WhiteFideId "12972363"]
[WhiteEloChange "-3"]
[BlackElo "1895"]
[BlackTeam "BELGIEN"]
[BlackCountry "BEL"]
[BlackFideId "245453"]
[BlackEloChange "3"]

1. e4 {[%clk 1:30:30]} c6 {[%clk 1:30:30]} 2. d4 {[%clk 1:30:30]} d5 {[%clk
1:30:30]} 3. Nc3 {[%clk 1:30:30]} dxe4 {[%clk 1:30:30]} 4. Nxe4 {[%clk 1:30:30]}
Bf5 {[%clk 1:30:30]} 5. Ng3 {[%clk 1:30:30]} Bg6 {[%clk 1:30:30]} 6. Nf3 {[%clk
1:30:30]} e6 {[%clk 1:30:30]} 7. Ne5 {[%clk 1:30:30]} Nd7 {[%clk 1:30:30]} 8.
Nxg6 {[%clk 1:30:30]} hxg6 {[%clk 1:30:30]} 9. Bd3 {[%clk 1:30:30]} Bd6 {[%clk
1:30:30]} 10. Qf3 {[%clk 1:30:30]} Ngf6 {[%clk 1:30:30]} 11. c3 {[%clk 1:30:30]}
Qc7 {[%clk 1:30:30]} 12. Ne2 {[%clk 1:30:30]} e5 {[%clk 1:30:30]} 13. Bg5 {[%clk
1:30:30]} O-O-O {[%clk 1:30:30]} 14. O-O-O {[%clk 1:30:30]} Rde8 {[%clk 1:30:30]}
15. Bxf6 {[%clk 1:30:30]} gxf6 {[%clk 1:30:30]} 16. h3 {[%clk 1:30:30]} f5 {[%clk
1:30:30]} 17. Bc4 {[%clk 1:30:30]} e4 {[%clk 1:30:30]} 18. Qe3 {[%clk 1:30:30]}
f4 {[%clk 1:30:30]} 19. Qd2 {[%clk 1:30:30]} f3 {[%clk 1:30:30]} 20. gxf3 {[%clk
1:30:30]} exf3 {[%clk 1:30:30]} 21. Ng1 {[%clk 1:30:30]} Bf4 {[%clk 1:30:30]} 0-1

[Event "8th Arber Open"]
[Site "chess24.com"]
[Date "2019.07.28"]
[Round "2"]
[White "Kissel, Ralf"]
[Black "Meixner, Torsten"]
[Result "0-1"]
[Board "42"]
[WhiteElo "1597"]
[WhiteTeam "SK Mannheim"]
[WhiteCountry "GER"]
[WhiteFideId "24629871"]
[WhiteEloChange "-3"]
[BlackElo "1881"]
[BlackTeam "SK Gernsbach"]
[BlackCountry "GER"]
[BlackFideId "16209753"]
[BlackEloChange "3"]

1. e4 {[%clk 1:30:30]} d5 {[%clk 1:30:30]} 2. exd5 {[%clk 1:30:30]} Nf6 {[%clk
1:30:30]} 3. d4 {[%clk 1:30:30]} Nxd5 {[%clk 1:30:30]} 4. c4 {[%clk 1:30:30]} Nb6
{[%clk 1:30:30]} 5. Nc3 {[%clk 1:30:30]} e5 {[%clk 1:30:30]} 6. d5 {[%clk
1:30:30]} Bc5 {[%clk 1:30:30]} 7. Nf3 {[%clk 1:30:30]} O-O {[%clk 1:30:30]} 8.
Be2 {[%clk 1:30:30]} Bg4 {[%clk 1:30:30]} 9. Qb3 {[%clk 1:30:30]} N8d7 {[%clk
1:30:30]} 10. O-O {[%clk 1:30:30]} f5 {[%clk 1:30:30]} 11. Bg5 {[%clk 1:30:30]}
Qe8 {[%clk 1:30:30]} 12. h3 {[%clk 1:30:30]} Bxf3 {[%clk 1:30:30]} 13. Bxf3
{[%clk 1:30:30]} e4 {[%clk 1:30:30]} 14. Be2 {[%clk 1:30:30]} f4 {[%clk 1:30:30]}
15. Nb5 {[%clk 1:30:30]} f3 {[%clk 1:30:30]} 16. gxf3 {[%clk 1:30:30]} exf3
{[%clk 1:30:30]} 17. Bd3 {[%clk 1:30:30]} Qe5 {[%clk 1:30:30]} 18. Bd2 {[%clk
1:30:30]} Qg3+ {[%clk 1:30:30]} 0-1

[Event "8th Arber Open"]
[Site "chess24.com"]
[Date "2019.07.28"]
[Round "2"]
[White "Malditz, Dieter"]
[Black "Thullen, Andre"]
[Result "1-0"]
[Board "43"]
[WhiteElo "1869"]
[WhiteTeam "SK Ludwigshafen"]
[WhiteCountry "GER"]
[WhiteFideId "16244028"]
[WhiteEloChange "4"]
[BlackElo "1620"]
[BlackTeam "SV Urmitz"]
[BlackCountry "GER"]
[BlackFideId "12972398"]
[BlackEloChange "-4"]

1. d4 {[%clk 1:30:30]} d5 {[%clk 1:30:30]} 2. Nf3 {[%clk 1:30:30]} Nf6 {[%clk
1:30:30]} 3. Bf4 {[%clk 1:30:30]} g6 {[%clk 1:30:30]} 4. h3 {[%clk 1:30:30]} Bg7
{[%clk 1:30:30]} 5. e3 {[%clk 1:30:30]} O-O {[%clk 1:30:30]} 6. c4 {[%clk
1:30:30]} c6 {[%clk 1:30:30]} 7. Nbd2 {[%clk 1:30:30]} Re8 {[%clk 1:30:30]} 8.
Bd3 {[%clk 1:30:30]} Nbd7 {[%clk 1:30:30]} 9. O-O {[%clk 1:30:30]} Nb6 {[%clk
1:30:30]} 10. Bh2 {[%clk 1:30:30]} Nbd7 {[%clk 1:30:30]} 11. Rc1 {[%clk 1:30:30]}
e6 {[%clk 1:30:30]} 12. b4 {[%clk 1:30:30]} b6 {[%clk 1:30:30]} 13. cxd5 {[%clk
1:30:30]} Nxd5 {[%clk 1:30:30]} 14. Qb3 {[%clk 1:30:30]} Bf8 {[%clk 1:30:30]} 15.
a3 {[%clk 1:30:30]} a5 {[%clk 1:30:30]} 16. b5 {[%clk 1:30:30]} c5 {[%clk
1:30:30]} 17. Ne4 {[%clk 1:30:30]} N7f6 {[%clk 1:30:30]} 18. Rfd1 {[%clk
1:30:30]} Bb7 {[%clk 1:30:30]} 19. Nxf6+ {[%clk 1:30:30]} Nxf6 {[%clk 1:30:30]}
20. dxc5 {[%clk 1:30:30]} Bxc5 {[%clk 1:30:30]} 21. Be4 {[%clk 1:30:30]} Qe7
{[%clk 1:30:30]} 22. Bxb7 {[%clk 1:30:30]} Qxb7 {[%clk 1:30:30]} 23. Ne5 {[%clk
1:30:30]} Re7 {[%clk 1:30:30]} 24. Nc6 {[%clk 1:30:30]} Rd7 {[%clk 1:30:30]} 25.
Rxd7 {[%clk 1:30:30]} Qxd7 {[%clk 1:30:30]} 26. Rd1 {[%clk 1:30:30]} Qe8 {[%clk
1:30:30]} 27. Be5 {[%clk 1:30:30]} Nd5 {[%clk 1:30:30]} 28. Ba1 {[%clk 1:30:30]}
Be7 {[%clk 1:30:30]} 29. e4 {[%clk 1:30:30]} Nc7 {[%clk 1:30:30]} 30. a4 {[%clk
1:30:30]} f6 {[%clk 1:30:30]} 31. Bd4 {[%clk 1:30:30]} 1-0